| 000 | 01778cgm a2200385 i 4500 | ||
|---|---|---|---|
| 001 | 3387 | ||
| 003 | FISKH | ||
| 005 | 20250528104229.0 | ||
| 007 | vd cvaiz| | ||
| 008 | 160325s2008 xxu611 mleng | ||
| 010 | _a 2016600833 | ||
| 020 | _a1422914003 | ||
| 020 | _a9781609960766 | ||
| 024 | 1 | _a733961115482 | |
| 040 |
_aDLC _cDLC _eamim _beng |
||
| 050 | _aPZ7 | ||
| 082 | _a937 | ||
| 100 | _aWilkerson, Philip | ||
| 245 | 0 | 0 |
_aRome : _brise and fall of an empire / _cPhilip Wilkerson |
| 246 | 3 | 0 | _aRise and fall of an empire |
| 250 | _aThis edition 2011 | ||
| 260 |
_cNorth Carolina : _aCarson- Dellosa, _b2010 |
||
| 300 |
_31 CD ROME _a64 pages : _bcolor illustrations ; map ; _c29 cm |
||
| 500 | _aOriginally broadcast on the History Channel as a television mini-series in 2008. | ||
| 500 | _aSources used: videodisc container; IMDb, March 25, 2016. | ||
| 505 | 0 | _adisc 1. The first Barbarian War ; Spartacus ; Julius Caesar ; The forest of death -- disc 2. The Invasion of Britain ; Dacian Wars ; Rebellion and betrayal -- disc 3. Wrath of the gods ; The soldiers' emperor ; Constantine the Great -- disc 4. The barbarian general ; The puppet master ; The last emperor. | |
| 520 | _aStep inside Infinity Rome and take a journey back in time to one of history's greatest empires. Immerse yourself in the excitement of the crowd as gladiators fight to the death at the Colosseum; read first-hand stories of what life was like for the people | ||
| 650 |
_ahistory _vNonfiction _xRome |
||
| 655 | 7 |
_aDocumentary television programs. _2lcgft |
|
| 655 | 7 |
_aScience television programs. _2lcgft |
|
| 655 | 7 |
_aNonfiction television programs. _2lcgft |
|
| 906 |
_a0 _bcbc _corignew _du _encip _f20 _gy-movingim |
||
| 942 |
_2ddc _cBK _n0 |
||
| 999 |
_c3387 _d3387 |
||